000 00410 a2200157 4500
003 Nust
005 20170207165509.0
040 _cNust
082 _a005.1
100 _aAziz, Hina BESE-16
245 _aExtraction of Contact Lilst From CDR (Hard / Soft-copy)
_cHina Aziz, Amna Feroze, Aida Zahid BESE-16
260 _aMCS
_bRawalpindi
_c2014
300 _a130 p
650 _aUG Projects
651 _aUG CSE Project
942 _cPRG
999 _c212192
_d212192